| 000 | 00568nam a22001937a 4500 | ||
|---|---|---|---|
| 005 | 20161024124245.0 | ||
| 010 | _aENG-116284 | ||
| 020 |
_a9788180903533 _c700.00 |
||
| 035 | _aEN-99816 | ||
| 037 | _bDBAD/PUB | ||
| 082 | _a220 | ||
| 100 | _a Panda,R.K. | ||
| 245 |
_aHinduism in India / _cby R.K. Panda |
||
| 260 |
_aDelhi _bBhartiya Kala Prakashan _c2014 |
||
| 270 |
_a3421-A,IInd Floor Narang Colony,Tri Nagar _bDelhi _e110035 |
||
| 300 |
_ax,388p. _c21cm(Hb) |
||
| 500 | _aIncludes bibliographical references | ||
| 942 |
_2ddc _cEN _h220 _mPAN |
||
| 999 |
_c104177 _d104177 |
||